[Event "SZCZYRK OPEN - TURNIEJ Z OKAZJI SWIETA NIEPODLEGLOSCI - BLITZ 3'+2'' "]
[Site "Szczyrk"]
[Date "2018-11-11"]
[Round "2.33"]
[White "Iwanczuk, Krzysztof"]
[Black "Zaborski, Igor "]
[Result "1-0"]
[WhiteTitle ""]
[BlackTitle ""]
[WhiteElo "1735"]
[BlackElo "1255"]

1. e4 c6 2. Nc3 d5 3. Nf3 d4 4. Ne2 c5 5. c3 d3 6. Nf4 c4 7. Qa4+ Nc6 8. Qxc4 Bg4
9. Qxd3 Qxd3 10. Bxd3 e5 11. Nd5 O-O-O 12. Ng5 Nh6 13. h3 Bh5 14. Bc2 f6 15. Ne6
Rd7 16. Nxf8 Rxf8 17. d3 Bf7 18. Bxh6 gxh6 19. Bb3 Bxd5 20. Bxd5 Ne7 21. Be6 Rfd8
22. O-O-O Ng6 23. g3 h5 24. d4 Kc7 25. Bxd7 Rxd7 26. dxe5 Nxe5 27. Rxd7+ Kxd7
28. Rd1+ Ke7 29. f4 Ng6 30. h4 b6 31. Rd5 Nf8 32. Rxh5 Ke6 33. Kd2 Kf7 34. Ke3
Kg6 35. g4 Nd7 36. Rd5 Nf8 37. Rd8 1-0

[Event "SZCZYRK OPEN - TURNIEJ Z OKAZJI SWIETA NIEPODLEGLOSCI - BLITZ 3'+2'' "]
[Site "Szczyrk"]
[Date "2018-11-11"]
[Round "2.34"]
[White "Sulkowski, Dawid "]
[Black "Sulkowski, Andrzej "]
[Result "0-1"]
[WhiteTitle ""]
[BlackTitle ""]
[WhiteElo "1295"]
[BlackElo "1693"]

1. e4 e6 2. d4 d5 3. Nc3 Nf6 4. e5 Nfd7 5. f4 c5 6. Nf3 Nc6 7. Be3 a6 8. a4 b6
9. Be2 Bb7 10. O-O Qc7 11. Qd2 Be7 12. h3 cxd4 13. Nxd4 Nxd4 14. Bxd4 Bc5 15.
Bf3 g6 16. Rfb1 Bxd4+ 17. Qxd4 Qc5 18. Qxc5 bxc5 19. a5 Ke7 20. Na4 Rac8 21. Ra2
Bc6 22. Kf2 Bxa4 23. Rxa4 Rb8 24. b3 Rhc8 25. Be2 Rc6 26. Ke3 c4 27. b4 Rb5 28.
c3 Rc8 29. h4 Nb8 30. Ra2 Nc6 31. Rd1 Na7 32. Rad2 Rb7 33. Bf3 Nb5 34. Rc1 Rd7
35. g4 Rcd8 36. Bg2 f6 37. exf6+ Kxf6 38. g5+ Ke7 39. Bh3 d4+ 40. cxd4 Rxd4 41.
Rxd4 Rxd4 42. Bg2 Rd3+ 43. Ke2 Rb3 44. Bb7 Rxb4 45. Bxa6 Nd4+ 46. Ke1 Ra4 47.
Rxc4 Rxa5 48. Rxd4 Rxa6 49. Kf2 Ra3 50. Kg2 Re3 51. Re4 Rxe4 0-1

[Event "SZCZYRK OPEN - TURNIEJ Z OKAZJI SWIETA NIEPODLEGLOSCI - BLITZ 3'+2'' "]
[Site "Szczyrk"]
[Date "2018-11-11"]
[Round "2.35"]
[White "Dylag, Emilia"]
[Black "Ochalik, Filip "]
[Result "1-0"]
[WhiteTitle ""]
[BlackTitle ""]
[WhiteElo "1668"]
[BlackElo "1247"]

1. d4 Nf6 2. c4 e6 3. Nf3 d5 4. cxd5 exd5 5. Nc3 c6 6. Bg5 Be6 7. e3 Bb4 8. Bd3
Nbd7 9. O-O O-O 10. Rc1 h6 11. Bh4 Re8 12. Qb3 Bxc3 13. bxc3 Qb6 14. Qc2 Qc7 15.
Bg3 Qd8 16. Rb1 b6 17. c4 dxc4 18. Bxc4 Bxc4 19. Qxc4 c5 20. Rfd1 cxd4 21. Rxd4
Qc8 22. Qe2 Nc5 23. Rc1 Qe6 24. Rd6 Qe7 25. Nd4 Nce4 26. Nf5 Qf8 27. Rdc6 Nxg3
28. hxg3 Rec8 29. Rxc8 Rxc8 30. Rxc8 Qxc8 31. Ne7+ Kf8 32. Nxc8 a5 33. Nxb6 g5
34. Nc4 Kg7 35. Nxa5 Nd5 36. Nc4 Nf6 37. Qb2 Kg6 38. Ne5+ Kg7 39. Ng4 Kf8 40.
Qxf6 Ke8 41. Ne5 g4 42. Qxf7+ Kd8 43. Qd7# 1-0

[Event "SZCZYRK OPEN - TURNIEJ Z OKAZJI SWIETA NIEPODLEGLOSCI - BLITZ 3'+2'' "]
[Site "Szczyrk"]
[Date "2018-11-11"]
[Round "2.36"]
[White "Wilgosz, Jan "]
[Black "Kania, Pawel "]
[Result "1-0"]
[WhiteTitle ""]
[BlackTitle ""]
[WhiteElo "1242"]
[BlackElo "1644"]

1. e4 c5 2. Nf3 g6 3. Nc3 Bg7 4. g3 Nc6 5. Bg2 d6 6. O-O Bg4 7. d3 Qd7 8. Re1 Nf6
9. a4 O-O 10. Be3 Rac8 11. Qd2 Bh3 12. Bg5 Bxg2 13. Kxg2 Nd4 14. Nxd4 cxd4 15.
Nb5 Rc5 16. Bh4 Ng4 17. h3 Ne5 18. Nxd4 Rfc8 19. Rec1 h6 20. g4 g5 21. Bg3 Ng6
22. Nf5 Be5 23. Nxh6+ Kg7 24. Nf5+ Kg8 25. Bxe5 Rxe5 26. c4 Nf4+ 27. Kg3 e6 28.
Ne3 Kg7 29. Rh1 Rh8 30. h4 Qc7 1-0

[Event "SZCZYRK OPEN - TURNIEJ Z OKAZJI SWIETA NIEPODLEGLOSCI - BLITZ 3'+2'' "]
[Site "Szczyrk"]
[Date "2018-11-11"]
[Round "2.37"]
[White "Kukula, Karol"]
[Black "Miler, Franciszek"]
[Result "1-0"]
[WhiteTitle ""]
[BlackTitle ""]
[WhiteElo "1644"]
[BlackElo "1197"]

1. e4 c5 2. Nf3 d6 3. d4 cxd4 4. Nxd4 Nf6 5. Nc3 Nc6 6. Bg5 e6 7. Qd2 Be7 8. O-O-O
O-O 9. Nxc6 bxc6 10. Bxf6 Bxf6 11. Qxd6 Qb6 12. e5 Bg5+ 13. Kb1 Rd8 14. Qa3 Rxd1+
15. Nxd1 Qd4 16. Bd3 Qxe5 17. Qc3 Qxc3 18. Nxc3 Bb7 19. Na4 c5 20. Nxc5 Bd5 21.
Be4 Rc8 22. b4 a5 23. Bxd5 exd5 24. c3 Bd2 25. Kc2 Bf4 26. a3 axb4 27. axb4 Ra8
28. Re1 g6 29. Kd3 Ra2 30. Re2 Ra1 31. g3 Bg5 32. f4 Bf6 33. Nd7 Bxc3 34. Kxc3
Rc1+ 35. Rc2 Rd1 36. Nc5 d4+ 37. Kc4 h5 38. b5 Rb1 39. Nb3 Rd1 40. Nxd4 Rb1 41.
Kc5 Kf8 42. b6 Ke7 43. Kc6 Kd8 44. b7 Rb4 45. Nb5 h4 46. b8=Q+ Ke7 47. Qd6+ Ke8
48. Re2+ Re4 49. Rxe4# 1-0

[Event "SZCZYRK OPEN - TURNIEJ Z OKAZJI SWIETA NIEPODLEGLOSCI - BLITZ 3'+2'' "]
[Site "Szczyrk"]
[Date "2018-11-11"]
[Round "2.38"]
[White "Jaskulski, Jan "]
[Black "Buchta, Agnieszka"]
[Result "0-1"]
[WhiteTitle ""]
[BlackTitle ""]
[WhiteElo "1186"]
[BlackElo "1586"]

1. e4 c5 2. Nf3 e6 3. d4 cxd4 4. Nxd4 Nf6 5. Nc3 Bb4 6. Ndb5 Nxe4 7. Qg4 Nxc3 8.
Nxc3 Bxc3+ 9. bxc3 Qf6 10. Qb4 Nc6 11. Qc5 d6 12. Qxd6 Qxc3+ 13. Kd1 Qxa1 14.
Bb5 Bd7 15. Bxc6 Bxc6 16. Re1 Rd8 0-1

[Event "SZCZYRK OPEN - TURNIEJ Z OKAZJI SWIETA NIEPODLEGLOSCI - BLITZ 3'+2'' "]
[Site "Szczyrk"]
[Date "2018-11-11"]
[Round "2.39"]
[White "Zielinski, Marcin"]
[Black "Gibas, Aleksander"]
[Result "1-0"]
[WhiteTitle ""]
[BlackTitle ""]
[WhiteElo "1576"]
[BlackElo "1032"]

1. d4 e6 2. c4 d5 3. Nc3 Nf6 4. Bg5 c6 5. e3 Be7 6. Nf3 Ne4 7. Bxe7 Qxe7 8. Bd3
Nxc3 9. bxc3 dxc4 10. Bxc4 Nd7 11. O-O Nb6 12. Bd3 Qa3 13. Qc2 Nd5 14. Rac1 Bd7
15. e4 Nf4 16. Ne5 Nxd3 17. Nxd3 O-O 18. Nc5 Bc8 19. Rb1 b6 20. Rb3 Qa5 21. Nd3
Ba6 22. Rd1 Bxd3 23. Qxd3 Qxa2 24. Rdb1 Rfd8 25. h3 e5 26. Qd1 exd4 27. Ra1 dxc3
28. Qxd8+ Rxd8 29. Rxa2 c2 30. Rxc2 c5 31. Kf1 Re8 32. f3 Rd8 33. Ke2 g6 34. Ra2
Rd7 35. Rd3 Rc7 36. Rd8+ Kg7 37. Ra8 c4 38. R8xa7 Rc5 39. Rb7 b5 40. Ra5 c3 41.
Raxb5 Rc6 42. Rb1 c2 43. Rc1 h5 44. Rb2 Rd6 45. Rbxc2 Rd7 46. Rd2 Rb7 47. Rdc2
Kh6 48. Rc7 Rb2+ 49. R1c2 Rb6 50. Rxf7 Rd6 51. Rd2 Rc6 52. f4 Re6 53. e5 Re8 54.
Rdd7 g5 55. Rh7+ Kg6 56. Rhg7+ Kf5 57. Rdf7+ Ke4 58. Rxg5 Kd4 59. Rxh5 Rg8 60.
g4 Rb8 61. Rd7+ Ke4 62. Kf2 Kxf4 63. Rf5+ Ke4 64. Rd2 Rb3 65. e6 Rxh3 66. Re2+
Kd5 67. e7+ Rh2+ 68. Kf3+ Rh3+ 69. Kg2+ Rh8 70. e8=Q+ Rxe8 71. Rxe8+ Kd6 72. Rf1
Kd7 73. Re2 Kd6 74. Rd1+ Kc5 75. Rc2+ Kb4 76. Rb1+ Ka3 77. Rb8 Ka4 78. Ra2# 1-0

[Event "SZCZYRK OPEN - TURNIEJ Z OKAZJI SWIETA NIEPODLEGLOSCI - BLITZ 3'+2'' "]
[Site "Szczyrk"]
[Date "2018-11-11"]
[Round "2.40"]
[White "Zmuda, Tomasz"]
[Black "Zamarska, Sylwia "]
[Result "0-1"]
[WhiteTitle ""]
[BlackTitle ""]
[WhiteElo "1174"]
[BlackElo "1552"]

1. e4 d5 2. exd5 Nf6 3. d4 Bg4 4. f3 Bf5 5. Nc3 Nxd5 6. Nxd5 Qxd5 7. c4 Qd7 8.
Ne2 e6 9. Ng3 Bg6 10. Ne4 Nc6 11. Be3 Bb4+ 12. Nc3 O-O-O 13. a3 Be7 14. d5 exd5
15. cxd5 Ne5 16. Qd4 Nc6 17. dxc6 Qxd4 18. Bxd4 Rxd4 19. cxb7+ Kxb7 20. Be2 Rhd8
21. O-O Rd2 22. Bc4 Rxb2 23. Kh1 Rdd2 24. Ne4 Rxg2 25. Rab1 Rxh2+ 26. Kg1 Bxe4
27. fxe4 Bc5+ 28. Rf2 Rhxf2 29. Bd5+ c6 30. e5 Rxb1# 0-1

[Event "SZCZYRK OPEN - TURNIEJ Z OKAZJI SWIETA NIEPODLEGLOSCI - BLITZ 3'+2'' "]
[Site "Szczyrk"]
[Date "2018-11-11"]
[Round "2.41"]
[White "Szafranski, Maciej "]
[Black "Gradzki, Artur "]
[Result "1-0"]
[WhiteTitle ""]
[BlackTitle ""]
[WhiteElo "1548"]
[BlackElo "1128"]

1. e4 e5 2. Nf3 Nc6 3. Bb5 Bc5 4. O-O d6 5. Bxc6+ bxc6 6. c3 Nf6 7. d3 h6 8. a4
a5 9. Nbd2 Bg4 10. h3 Bh5 11. Qc2 O-O 12. d4 exd4 13. cxd4 Bb6 14. Qxc6 Bxf3 15.
Nxf3 Qd7 16. Qc2 Rfe8 17. Re1 Re7 18. Bf4 Rae8 19. e5 dxe5 20. dxe5 Nd5 21. Rad1
Qe6 22. Bg3 Nb4 23. Qd2 Qg6 24. Kh2 f6 25. Nh4 Qf7 26. Nf5 Re6 27. exf6 Qxf6 28.
Rxe6 Rxe6 29. Ne3 Re8 30. Nd5 Nxd5 31. Qxd5+ Kh8 32. Qd7 Qxb2 33. Qxe8+ Kh7 34.
Qe4+ Kg8 35. Rd8+ Kf7 36. Qe8+ Kf6 37. Qc6+ Kf7 38. Rd7+ Kg8 39. Qa8+ Kh7 40.
Qe4+ Kg8 41. Rd8+ 1-0

[Event "SZCZYRK OPEN - TURNIEJ Z OKAZJI SWIETA NIEPODLEGLOSCI - BLITZ 3'+2'' "]
[Site "Szczyrk"]
[Date "2018-11-11"]
[Round "2.42"]
[White "Jagodzinski, Jaromir "]
[Black "Retz, Adrian "]
[Result "0-1"]
[WhiteTitle ""]
[BlackTitle ""]
[WhiteElo "1141"]
[BlackElo "1547"]

1. d4 Nf6 2. e3 g6 3. f4 d5 4. Bd3 e6 5. Nf3 Nbd7 6. O-O c5 7. c3 c4 8. Bc2 Bg7
9. Ne5 Nxe5 10. fxe5 Ne4 11. Nd2 Nxd2 12. Bxd2 f6 13. exf6 Bxf6 14. Qf3 Rf8 15.
Qg3 Qe7 16. e4 Rf7 17. exd5 exd5 18. Rae1 Be6 19. Ba4+ Kf8 20. Rf3 Kg8 21. Rfe3
Bh4 22. Qe5 Bf2+ 23. Kh1 Rf6 24. Rf1 Raf8 25. Re2 Bg3 26. Rxf6 Bxe5 27. dxe5 Rxf6
28. exf6 Qxf6 29. h3 Qf1+ 30. Kh2 Qxe2 31. Bg5 Qe5+ 32. Kh1 Qxg5 33. Be8 Qg3 34.
Ba4 Bf5 35. Bd1 Be4 36. Bf3 Bxf3 37. gxf3 Qxf3+ 38. Kg1 Qxh3 39. Kf2 h5 40. b3
Qg4 41. bxc4 h4 42. cxd5 h3 43. Kf1 Qg2+ 44. Ke1 h2 45. Kd1 h1=R# 0-1

[Event "SZCZYRK OPEN - TURNIEJ Z OKAZJI SWIETA NIEPODLEGLOSCI - BLITZ 3'+2'' "]
[Site "Szczyrk"]
[Date "2018-11-11"]
[Round "2.43"]
[White "Derylo, Kamil"]
[Black "Seo, Ian "]
[Result "1-0"]
[WhiteTitle ""]
[BlackTitle ""]
[WhiteElo "1536"]
[BlackElo "1119"]

1. e4 e5 2. Nf3 Nc6 3. d4 exd4 4. Bc4 Nf6 5. e5 Ne4 6. Qe2 d5 7. exd6 f5 8. dxc7
Qxc7 9. O-O Be7 10. Nbd2 Nxd2 11. Bxd2 b6 12. Rfe1 Bb7 13. Qe6 Bc8 14. Qf7+ Kd8
15. Qd5+ Ke8 16. Nxd4 Bb7 17. Qf7+ Kd8 18. Ne6+ Kc8 19. Nxc7 Kxc7 20. Bf4+ Kc8
21. Be6+ Kd8 22. Rad1+ Nd4 23. Rxd4+ Bd5 24. Rxd5+ Bd6 25. Rxd6# 1-0

[Event "SZCZYRK OPEN - TURNIEJ Z OKAZJI SWIETA NIEPODLEGLOSCI - BLITZ 3'+2'' "]
[Site "Szczyrk"]
[Date "2018-11-11"]
[Round "2.44"]
[White "Rydzewski, Marceli "]
[Black "Wilgosz, Tomasz"]
[Result "0-1"]
[WhiteTitle ""]
[BlackTitle ""]
[WhiteElo "1146"]
[BlackElo "1533"]

1. e4 e6 2. d4 d5 3. e5 c5 4. c3 Nc6 5. Nf3 Qb6 6. Bd3 Bd7 7. O-O cxd4 8. Bc2 dxc3
9. Nxc3 Nb4 10. Be3 Qc7 11. Rc1 Nxc2 12. Rxc2 Rc8 13. Qd3 a6 14. Rfc1 Bc6 15.
Ne2 Ne7 16. Ned4 g6 17. b4 Qd7 18. Nxc6 Nxc6 19. a4 Bxb4 20. Bf4 O-O 21. Ng5 Ne7
22. Qh3 h5 23. g4 Rxc2 24. Rxc2 Qxa4 25. Rc1 Qa3 26. Rf1 Qxh3 27. Nxh3 hxg4 28.
Ng5 Nf5 29. Rb1 a5 30. f3 gxf3 31. Nxf3 Rc8 32. Kg2 Rc2+ 33. Kh3 b6 34. Rg1 Bc5
35. Rg2 Rxg2 36. Kxg2 a4 37. Bc1 Ne3+ 38. Bxe3 Bxe3 39. Ne1 a3 40. Nc2 Bc5 41.
Kf3 a2 42. Ke2 d4 43. Kd3 b5 44. Na1 b4 45. Kc2 Kg7 46. Kb3 f5 47. Kxa2 f4 48.
Nc2 d3 49. Ne1 d2 50. Nc2 0-1

[Event "SZCZYRK OPEN - TURNIEJ Z OKAZJI SWIETA NIEPODLEGLOSCI - BLITZ 3'+2'' "]
[Site "Szczyrk"]
[Date "2018-11-11"]
[Round "2.45"]
[White "Seredyn, Dominik "]
[Black "Rylski, Tadeusz"]
[Result "0-1"]
[WhiteTitle ""]
[BlackTitle ""]
[WhiteElo "1528"]
[BlackElo "1098"]

1. e4 c5 2. Nf3 e6 3. d4 cxd4 4. Nxd4 Nf6 5. Nc3 Nc6 6. Be2 Bb4 7. Nxc6 bxc6 8.
e5 Nd5 9. Bd2 Nxc3 10. Bxc3 Bxc3+ 11. bxc3 O-O 12. Qd6 a5 13. O-O Ba6 14. Bxa6
Rxa6 15. Rfd1 Ra7 16. Rd3 Re8 17. Rad1 Re7 18. Qc5 Rb7 19. Qxc6 Qb8 20. Qd6 Qxd6
21. Rxd6 Kf8 22. Ra6 Rb2 23. Ra8+ Re8 24. Rxa5 Rxc2 25. Kf1 Ke7 26. Ra7 Rd8 27.
Rd3 f6 28. exf6+ gxf6 29. a4 Rb8 30. Raxd7+ Ke8 31. g3 Rbb2 32. Rd8+ Kf7 33. Rf3
e5 34. Rd7+ Kg6 35. Rd6 e4 36. Rfxf6+ Kg7 37. a5 e3 38. fxe3 Rb1+ 0-1

[Event "SZCZYRK OPEN - TURNIEJ Z OKAZJI SWIETA NIEPODLEGLOSCI - BLITZ 3'+2'' "]
[Site "Szczyrk"]
[Date "2018-11-11"]
[Round "2.47"]
[White "Majdecki, Robert "]
[Black "Krzysztynska, Maria"]
[Result "1-0"]
[WhiteTitle ""]
[BlackTitle ""]
[WhiteElo "1508"]
[BlackElo "1146"]

1. d4 d5 2. c4 dxc4 3. e4 Nf6 4. Nc3 e6 5. Bxc4 Nc6 6. Nge2 Bb4 7. Bg5 h6 8. Bxf6
Qxf6 9. e5 Qd8 10. O-O f6 11. f4 fxe5 12. fxe5 Ba5 13. a3 Bb6 14. Bb5 Bd7 15.
Na4 Nxe5 16. Nxb6 Bxb5 17. Nxa8 Nc6 18. Nxc7+ Qxc7 19. Qc2 Bxe2 20. Qxe2 Nxd4
21. Qh5+ Kd8 22. Rad1 Qb6 23. Rf4 Kc8 24. Rfxd4 Rd8 25. Qe5 Rd5 26. Qe4 Qc5 27.
b4 Rxd4 28. Qxd4 Qxd4+ 29. Rxd4 e5 30. Rd5 g5 31. Rxe5 Kd7 32. Kf2 Kd6 33. Re8
b5 34. Ke3 a6 35. Ke4 h5 36. Rf8 Ke7 37. Ra8 h4 38. Ke5 g4 39. Ra7+ Kf8 40. Kf6
Ke8 41. Rxa6 Kd8 42. Rc6 Kd7 43. Rc5 Kd6 44. Kf5 g3 45. h3 Kd7 46. Ke5 Ke7 47.
Rc7+ Kd8 48. Kd6 Ke8 49. Ke6 Kd8 50. Rc3 Ke8 51. Rc8# 1-0

[Event "SZCZYRK OPEN - TURNIEJ Z OKAZJI SWIETA NIEPODLEGLOSCI - BLITZ 3'+2'' "]
[Site "Szczyrk"]
[Date "2018-11-11"]
[Round "2.49"]
[White "Sowierszenko, Tomasz "]
[Black "Duda, Leon "]
[Result "0-1"]
[WhiteTitle ""]
[BlackTitle ""]
[WhiteElo "1503"]
[BlackElo "1142"]

1. c3 d5 2. Qa4+ Nc6 3. h3 Bd7 4. g4 Nf6 5. Bg2 Ne5 6. d3 e6 7. Qc2 Bd6 8. Nd2
Qe7 9. Ndf3 O-O-O 10. Bg5 h6 11. Bh4 g5 12. Bg3 Nxf3+ 13. Bxf3 Bxg3 14. fxg3 Bc6
15. O-O-O Qd6 16. e4 dxe4 17. Bxe4 Qxg3 0-1

[Event "SZCZYRK OPEN - TURNIEJ Z OKAZJI SWIETA NIEPODLEGLOSCI - BLITZ 3'+2'' "]
[Site "Szczyrk"]
[Date "2018-11-11"]
[Round "2.51"]
[White "Marciniak, Leonard "]
[Black "Niedorys, Karolina "]
[Result "1-0"]
[WhiteTitle ""]
[BlackTitle ""]
[WhiteElo "1458"]
[BlackElo "1141"]

1. Nf3 Nc6 2. d4 Nf6 3. c4 e6 4. Nc3 Bb4 5. Bd2 d5 6. e3 Bxc3 7. Bxc3 dxc4 8. Bxc4
Nd5 9. e4 Nxc3 10. bxc3 f6 11. O-O O-O 12. d5 exd5 13. Bxd5+ Kh8 14. Bxc6 bxc6
15. Qxd8 Rxd8 16. Rfd1 Bg4 17. Kf1 Bxf3 18. gxf3 h6 19. Ke2 Kg8 20. Rxd8+ Rxd8
21. Rd1 Rxd1 22. Kxd1 Kf7 23. Kd2 Ke6 24. Ke3 g5 25. f4 Kd6 26. h3 Ke6 27. fxg5
hxg5 28. f4 c5 29. Kf3 Kf7 30. Kg4 Kg6 31. fxg5 fxg5 32. h4 gxh4 33. Kxh4 Kf6
34. Kg4 Ke5 35. Kf3 c4 36. Ke3 a6 37. Kf3 a5 38. Ke3 c5 39. Kf3 a4 40. a3 Ke6
41. Kf4 Kf6 42. e5+ Ke6 43. Ke4 Kd7 44. Kd5 Kc7 45. Kxc5 Kd7 46. Kxc4 Ke6 47.
Kd4 Kd7 48. Kd5 Kc7 49. e6 Kd8 50. c4 Ke7 51. c5 Kd8 52. Kd6 Kc8 53. e7 Kb7 54.
e8=Q Ka6 55. Qxa4+ Kb7 56. Qb5+ Kc8 57. Qd7+ Kb8 58. Kc6 Ka8 59. Kb6 Kb8 60. Qe8#
1-0

[Event "SZCZYRK OPEN - TURNIEJ Z OKAZJI SWIETA NIEPODLEGLOSCI - BLITZ 3'+2'' "]
[Site "Szczyrk"]
[Date "2018-11-11"]
[Round "2.54"]
[White "Polakiewicz, Blanka"]
[Black "Zabrzanska, Weronika "]
[Result "0-1"]
[WhiteTitle ""]
[BlackTitle ""]
[WhiteElo "1134"]
[BlackElo "1344"]

1. e4 e5 2. Nf3 Nc6 3. Bb5 a6 4. Bxc6 dxc6 5. O-O Bd6 6. Nc3 Nf6 7. d3 O-O 8. Be3
h6 9. d4 exd4 10. Bxd4 Bb4 11. a3 Bxc3 12. bxc3 Nxe4 13. Re1 Nd6 14. Bc5 b6 15.
Bd4 Nb5 16. Ne5 Nxd4 17. cxd4 Bb7 18. Qe2 Qxd4 19. Rad1 Qf4 20. h3 c5 21. Rd7
Qg5 22. f3 Rac8 23. Nd3 Qf5 24. Re7 Qf6 25. Re3 Qd4 26. Qd2 c4 27. c3 Qd6 28.
Rd1 cxd3 29. Rxd3 Qc5+ 30. Kh1 Qe7 31. Re3 Qf6 32. Rf1 Rcd8 33. Qe2 Qc6 34. Rf2
Rfe8 35. Rxe8+ Rxe8 36. Qf1 Qxc3 37. a4 Re1 38. Qxe1 Qxe1+ 39. Kh2 Qxf2 40. h4
Bxf3 41. Kh3 Qxg2# 0-1

[Event "SZCZYRK OPEN - TURNIEJ Z OKAZJI SWIETA NIEPODLEGLOSCI - BLITZ 3'+2'' "]
[Site "Szczyrk"]
[Date "2018-11-11"]
[Round "2.55"]
[White "Lambrecht, Tomasz"]
[Black "Banaczyk, Piotr"]
[Result "1-0"]
[WhiteTitle ""]
[BlackTitle ""]
[WhiteElo "1343"]
[BlackElo "1125"]

1. Nf3 e6 2. c4 d5 3. e3 c5 4. Nc3 Nf6 5. cxd5 exd5 6. d4 cxd4 7. Nxd4 Nc6 8. b3
Nxd4 9. Qxd4 Bd6 10. Be2 O-O 11. O-O Be6 12. Bb2 Re8 13. Bf3 Bc5 14. Rac1 Qe7
15. Qh4 Red8 16. Rfd1 a6 17. Nb5 Ba3 18. Nd4 Bxb2 19. Rc8 Rdxc8 20. Nxe6 fxe6
21. Qh3 Kf7 22. g3 Rc7 1-0

[Event "SZCZYRK OPEN - TURNIEJ Z OKAZJI SWIETA NIEPODLEGLOSCI - BLITZ 3'+2'' "]
[Site "Szczyrk"]
[Date "2018-11-11"]
[Round "2.56"]
[White "Krzywicki, Michal"]
[Black "Rzasa, Dominik "]
[Result "1-0"]
[WhiteTitle ""]
[BlackTitle ""]
[WhiteElo "1306"]
[BlackElo "1159"]

1. Nf3 e6 2. c4 d5 3. b3 dxc4 4. bxc4 Nf6 5. Bb2 Be7 6. g3 O-O 7. Bg2 Nc6 8. d3
Bd7 9. O-O h6 10. Nbd2 Bd6 11. Rb1 Rb8 12. Ba1 Ne7 13. Ne5 Bxe5 14. Bxe5 Bc6 15.
Bxc6 Nxc6 16. Bc3 b6 17. Nf3 a5 18. Ne5 Nxe5 19. Bxe5 Nd7 20. Ba1 f6 21. Rb3 Nc5
22. Rb5 c6 23. Rb1 Qe7 24. Qc2 e5 25. Bc3 Qa7 26. Rb2 Rfc8 27. Rfb1 Qa6 28. Bd2
Rb7 29. Be3 Nd7 30. a4 Rcb8 31. Qb3 Kh8 32. Qa3 c5 33. Rb3 Qa7 34. Qa1 Kg8 35.
Qb2 Qa6 36. Qa3 Qa7 37. R1b2 Kf7 38. Qa1 Qa6 39. Qb1 Qa7 40. f3 g6 41. Bf2 f5
42. e3 Nf6 43. e4 Ke6 44. Bxc5 bxc5 45. Rxb7 Rxb7 46. Rxb7 Qa6 47. Qb6+ Qxb6 48.
Rxb6+ Kd7 49. Rxf6 g5 50. Rxh6 f4 51. gxf4 gxf4 52. Rf6 Ke7 53. Ra6 Kd7 54. Rxa5
Kc7 55. Rb5 Kc6 56. a5 Kd6 57. a6 1-0

[Event "SZCZYRK OPEN - TURNIEJ Z OKAZJI SWIETA NIEPODLEGLOSCI - BLITZ 3'+2'' "]
[Site "Szczyrk"]
[Date "2018-11-11"]
[Round "2.57"]
[White "Oklinski, Franciszek "]
[Black "Plichta, Olga"]
[Result "0-1"]
[WhiteTitle ""]
[BlackTitle ""]
[WhiteElo "1098"]
[BlackElo "1300"]

1. e4 c6 2. d4 d5 3. exd5 cxd5 4. c4 Nf6 5. Nc3 Bf5 6. Bd3 Bxd3 7. Qxd3 e6 8. c5
a6 9. Bf4 Nc6 10. Nf3 h6 11. O-O b6 12. a3 bxc5 13. dxc5 Bxc5 14. b4 Bd6 15. Bxd6
Qxd6 16. b5 axb5 17. Nxb5 Qd7 18. Rac1 Rc8 19. Rfe1 O-O 20. h3 Na7 21. Nxa7 Qxa7
22. Ne5 Ne4 23. Rf1 Rxc1 24. Rxc1 Qxf2+ 25. Kh2 Qf4+ 26. Kg1 Qxc1+ 27. Kh2 Qf4+
28. Kg1 Qxe5 29. a4 Rc8 30. g4 Rc1+ 31. Kg2 Qb2+ 32. Kf3 Qf2# 0-1

[Event "SZCZYRK OPEN - TURNIEJ Z OKAZJI SWIETA NIEPODLEGLOSCI - BLITZ 3'+2'' "]
[Site "Szczyrk"]
[Date "2018-11-11"]
[Round "2.58"]
[White "Jaros, Emilia"]
[Black "Grzadka, Artur "]
[Result "0-1"]
[WhiteTitle ""]
[BlackTitle ""]
[WhiteElo "1117"]
[BlackElo "1287"]

1. e4 c6 2. d4 d5 3. exd5 cxd5 4. Nc3 Nc6 5. Nf3 Bg4 6. Be2 Nf6 7. Bg5 h6 8. Be3
e6 9. h3 Bh5 10. a3 Bd6 11. Bd3 a6 12. Qe2 Qc7 13. O-O-O Bf4 14. Kb1 Bxe3 15.
Qxe3 O-O 16. Ne5 Bxd1 17. Rxd1 Nxe5 18. dxe5 Nd7 19. f4 Nc5 20. Qf3 Rad8 21. g4
Nxd3 22. Rxd3 b5 23. h4 g6 24. h5 Kh7 25. g5 hxg5 26. fxg5 Qxe5 27. hxg6+ fxg6
28. Qh3+ Kg7 29. Rg3 Rh8 30. Qg2 Rdf8 31. Ka2 Rh5 32. Qg1 Rf5 33. a4 b4 34. Nb1
Rhxg5 35. Rxg5 Rxg5 36. Qa7+ Kh6 37. Qxa6 d4 38. Qc4 Qd5 39. Kb3 Rg3+ 40. c3 dxc3
41. bxc3 bxc3 42. Nxc3 Qxc4+ 43. Kxc4 Rg5 44. Nb5 Rd5 45. a5 g5 46. a6 Rd8 47.
Nc7 Rc8 48. Kb5 Rxc7 49. Kb6 Rg7 50. Kc5 g4 51. Kd4 g3 52. Ke5 g2 53. Kxe6 g1=Q
54. Kd6 Qb6+ 55. Kd5 Rg5+ 56. Kc4 Qxa6+ 57. Kb4 Qe2 58. Ka4 Qe4+ 59. Kb3 Rg3+
60. Kb2 Qe2+ 61. Kc1 Rg1# 0-1

[Event "SZCZYRK OPEN - TURNIEJ Z OKAZJI SWIETA NIEPODLEGLOSCI - BLITZ 3'+2'' "]
[Site "Szczyrk"]
[Date "2018-11-11"]
[Round "2.59"]
[White "Kubaszewski, Piotr "]
[Black "Szwacinska, Wiktoria "]
[Result "1-0"]
[WhiteTitle ""]
[BlackTitle ""]
[WhiteElo "1278"]
[BlackElo "1117"]

1. e4 e5 2. Nf3 Nc6 3. d4 exd4 4. Nxd4 Bc5 5. Be3 Nf6 6. Nxc6 dxc6 7. Qxd8+ Kxd8
8. Bxc5 Nxe4 9. Be3 Bf5 10. Nc3 Nxc3 11. bxc3 Bxc2 12. Bc4 Bg6 13. O-O Re8 14.
Rfd1+ Ke7 15. Rd2 Kf8 16. Rad1 Kg8 17. Rd7 Rac8 18. Bf4 Bf5 19. Rxc7 Rcd8 20.
Rxd8 Rxd8 21. h3 b5 22. Bxf7+ Kh8 23. Rxc6 Be4 24. Rc7 a6 25. Bb3 h6 26. Be5 Rg8
27. Bxg8 Kxg8 28. Rc8+ Kf7 29. Rc7+ Kg6 30. Rxg7+ Kh5 31. g4+ Kh4 32. Kh2 a5 33.
Bg3# 1-0

[Event "SZCZYRK OPEN - TURNIEJ Z OKAZJI SWIETA NIEPODLEGLOSCI - BLITZ 3'+2'' "]
[Site "Szczyrk"]
[Date "2018-11-11"]
[Round "2.60"]
[White "Kubik, Rafal "]
[Black "Jozefczyk, Szymon"]
[Result "0-1"]
[WhiteTitle ""]
[BlackTitle ""]
[WhiteElo "1109"]
[BlackElo "1274"]

1. d4 c5 2. d5 d6 3. c4 g6 4. Nc3 Bg7 5. Nf3 e6 6. e4 a6 7. Qc2 Ne7 8. b3 O-O 9.
Bb2 exd5 10. cxd5 b5 11. Bd3 Bb7 12. O-O Nd7 13. Rad1 Rc8 14. Ne2 Nb6 15. Bxg7
Kxg7 16. Qb2+ Kg8 17. Rc1 Qd7 18. Nf4 Rb8 19. Ng5 h6 20. Nf3 Rfc8 21. e5 Nbxd5
22. Nxd5 Bxd5 23. exd6 Qxd6 24. Qe2 Bxf3 25. Qxf3 Qd5 26. Qe3 Re8 27. Rfd1 Qh5
28. Rxc5 Nf5 29. Bxf5 Rxe3 30. g4 Qh3 31. fxe3 Qxe3+ 32. Kf1 Qxc5 33. Rd7 gxf5
0-1

[Event "SZCZYRK OPEN - TURNIEJ Z OKAZJI SWIETA NIEPODLEGLOSCI - BLITZ 3'+2'' "]
[Site "Szczyrk"]
[Date "2018-11-11"]
[Round "2.61"]
[White "Majdecka, Nikola "]
[Black "Sprzeczka, Emilia"]
[Result "0-1"]
[WhiteTitle ""]
[BlackTitle ""]
[WhiteElo "1267"]
[BlackElo "1107"]

1. e4 e5 2. Nf3 Nc6 3. Nc3 Nf6 4. Bc4 Bc5 5. d3 d6 6. Bg5 O-O 7. h3 h6 8. Bh4 Be6
9. Qd2 Re8 10. O-O-O Bb4 11. a3 Bxc3 12. Qxc3 a5 13. g4 Rb8 14. Qd2 b5 15. Bd5
Bxd5 16. exd5 Nd4 17. Nxd4 exd4 18. Qf4 b4 19. Qxd4 bxa3 20. b3 Qd7 21. Bxf6 gxf6
22. Qxf6 a4 23. g5 Qe7 24. Qxh6 axb3 25. cxb3 a2 26. Kc2 Qe2+ 27. Kc3 Ra8 28.
Ra1 Qe5+ 29. Kc2 Qxd5 30. Rhg1 Qc5+ 31. Kd2 Qxf2+ 32. Kc3 Qc5+ 33. Kd2 Qb4+ 34.
Kd1 Qxb3+ 35. Kd2 Qb2+ 36. Kd1 Qxa1+ 37. Kc2 Qxg1 38. g6 Re2+ 39. Kc3 Ra3+ 40.
Kc4 Qc5# 0-1

[Event "SZCZYRK OPEN - TURNIEJ Z OKAZJI SWIETA NIEPODLEGLOSCI - BLITZ 3'+2'' "]
[Site "Szczyrk"]
[Date "2018-11-11"]
[Round "2.62"]
[White "Opalka, Marta"]
[Black "Lewicka, Joanna"]
[Result "0-1"]
[WhiteTitle ""]
[BlackTitle ""]
[WhiteElo "1107"]
[BlackElo "1260"]

1. e4 e5 2. Nf3 Nc6 3. Nc3 Nf6 4. Bc4 Bc5 5. O-O O-O 6. d3 h6 7. Be3 Bb6 8. Re1
d6 9. d4 exd4 10. Bxd4 Nxd4 11. Nxd4 Bg4 12. f3 Be6 13. Bb3 Bxb3 14. axb3 a6 15.
e5 dxe5 16. Rxe5 Re8 17. Re1 Rxe1+ 18. Qxe1 Bxd4+ 19. Kh1 Bxc3 20. bxc3 Qe8 21.
Qd2 Rd8 22. Qf2 Qd7 23. h3 Qd2 24. Qc5 c6 25. Qb6 Rd7 26. Kh2 Qxc3 27. Qa7 Qxc2
28. Qb8+ Kh7 29. Qf4 Rd2 30. Rg1 Rf2 31. b4 Qa4 32. Qf5+ Kh8 33. Qc8+ Ng8 34.
Kg3 Rb2 35. Qxb7 Rxb4 36. Qxf7 Rb6 37. Qf5 c5 38. Qxc5 Qb4 39. Qc2 Qd6+ 40. Kf2
Qf6 41. Re1 Rb2 42. Qxb2 Qxb2+ 43. Kg3 a5 44. Kf4 Qf6+ 45. Kg3 a4 46. Kf2 a3 47.
Kg3 a2 48. Kf2 a1=Q 49. Rxa1 Qxa1 50. Kg3 Qf6 51. Kf2 Ne7 52. Kg3 Nd5 53. Kf2
Qf4 54. g3 Qd2+ 55. Kf1 Ne3+ 56. Kg1 Qg2# 0-1